Nâng cao năng lực phân phối hàng hóa của Việt Nam tại thị trường nội địa

Uloženo v:
Podrobná bibliografie
Médium: Sách
Jazyk:Undetermined
Vydáno:  Công Thương  2018
Témata:
Tagy: Přidat tag
Žádné tagy, Buďte první, kdo otaguje tento záznam!
Thư viện lưu trữ: Trung tâm Thư viện - Trường Đại học Công nghiệp TP. Hồ Chí Minh
LEADER 00501nam a2200133Ia 4500
001 UIH_02772
008 231011s9999 xx 000 0 und d
082 |a  381 
245 0 |a  Nâng cao năng lực phân phối hàng hóa của Việt Nam tại thị trường nội địa 
260 |b  Công Thương 
260 |c  2018 
650 |a  Thương mại nội địa;  
927 |a Sách 
980 |a Trung tâm Thư viện - Trường Đại học Công nghiệp TP. Hồ Chí Minh